ECHL Teams in Order of Instagram Followers - Statistics

General Stats
  • This quiz has been taken 6 times
  • The average score is 19 of 28
Answer Stats
Followers Division Team % Correct
9.7k North Adirondack Thunder
100%
5.4k Central Iowa Heartlanders
100%
28k South Orlando Solar Bears
100%
35.7k Central Toledo Walleye
100%
22.4k Central Cincinnati Cyclones
80%
16.8k South Florida Everblades
80%
14.4k Mountain Idaho Steelheads
80%
19.9k Central Indy Fuel
80%
20.3k South Jacksonville Icemen
80%
15.4k Mountain Kansas City Mavericks
80%
23.6k North Newfoundland Growlers
80%
11k Mountain Allen Americans
60%
13.8k South Atlanta Gladiators
60%
18.3k Central Fort Wayne Komets
60%
17.5k South Greenville Swamp Rabbits
60%
9.8k Central Kalamazoo Wings
60%
14.6k North Norfolk Admirals
60%
10.4k Mountain Rapid City Rush
60%
12.6k North Reading Royals
60%
7.4k South Savannah Ghost Pirates
60%
18.8k South South Carolina Stingrays
60%
20.6k Mountain Utah Grizzlies
60%
19.7k Central Wheeling Nailers
60%
10.3k Mountain Wichita Thunder
60%
11.8k North Maine Mariners
40%
10.2k Mountain Tulsa Oilers
40%
12.4k North Trois-Rivieres Lions
20%
11.4k North Worcester Railers HC
20%
No matching quizzes found
Score Distribution
Percent of People with Each Score
Percentile by Number Answered
Your Score History
You have not taken this quiz